MARC details
| 000 -LEADER |
| fixed length control field |
02136nam a2200277 a 4500 |
| 008 - FIXED-LENGTH DATA ELEMENTS--GENERAL INFORMATION |
| fixed length control field |
160824s2013 ||||||||||||||||| || u |
| 020 ## - INTERNATIONAL STANDARD BOOK NUMBER |
| International Standard Book Number |
9781782540977 |
| 020 ## - INTERNATIONAL STANDARD BOOK NUMBER |
| International Standard Book Number |
1781955638 (ebook) |
| 020 ## - INTERNATIONAL STANDARD BOOK NUMBER |
| International Standard Book Number |
178195562X (hbk.) |
| 020 ## - INTERNATIONAL STANDARD BOOK NUMBER |
| International Standard Book Number |
9781781955635 (ebook) |
| 020 ## - INTERNATIONAL STANDARD BOOK NUMBER |
| International Standard Book Number |
9781781955628 (hbk.) |
| 050 ## - LIBRARY OF CONGRESS CALL NUMBER |
| Classification number |
QA 76.76.D47 Sof |
| 100 ## - MAIN ENTRY--PERSONAL NAME |
| Personal name |
Cusumano, Michael A |
| 245 10 - TITLE STATEMENT |
| Title |
Software ecosystems: analyzing and managing business networks in the software industry |
| Statement of responsibility, etc. |
Edited by Slinger Jansen, Assistant Professor of Organization and Information, Utrecht University, The Netherlands, Sjaak Brinkkemper, Professor of Organization and Information, Utrecht University, The Netherlands, Michael A. Cusumano, Professor of Technological Innovation, Entrepreneurship and Strategic Management, MIT Sloan School of Management, USA. |
| 260 ## - PUBLICATION, DISTRIBUTION, ETC. |
| Place of publication, distribution, etc. |
Cheltenham |
| Name of publisher, distributor, etc. |
Edward Elgar |
| Date of publication, distribution, etc. |
2013 |
| 300 ## - PHYSICAL DESCRIPTION |
| Extent |
xii, 344 pages : illustrations |
| 350 ## - PRICE (NR) (BK AM CF MU VM SE) [OBSOLETE] |
| Price |
45.00 |
| 500 ## - GENERAL NOTE |
| General note |
Includes bibliographical references and index. |
| 505 ## - FORMATTED CONTENTS NOTE |
| Formatted contents note |
Introduction to software ecosystems -- Business network management -- Visualization and analysis of software ecosystems. |
| 520 ## - SUMMARY, ETC. |
| Summary, etc. |
"This is the first book of its kind dedicated to this emerging field and offers guidelines on how to analyze software ecosystems; methods for managing and growing; methods on transitioning from a closed software organization to an open one; and instruments for dealing with open source, licensing issues, product management and app stores. It is unique in bringing together industry experiences, academic views and tackling challenges such as the definition of fundamental concepts of software ecosystems, describing those forces that influence its development and lifecycles, and the provision of methods for the governance of software ecosystems."--Back cover. |
| 650 #0 - SUBJECT ADDED ENTRY--TOPICAL TERM |
| Topical term or geographic name entry element |
COMPUTER SOFTWARE--DEVELOPMENT |
| 650 #0 - SUBJECT ADDED ENTRY--TOPICAL TERM |
| Topical term or geographic name entry element |
COMPUTER SOFTWARE INDUSTRY |
| 700 ## - ADDED ENTRY--PERSONAL NAME |
| Personal name |
Jansen, Slinger |
| 700 ## - ADDED ENTRY--PERSONAL NAME |
| Personal name |
Brinkkemper, Sjaak |
| 995 ## - RECOMMENDATION 995 [LOCAL, UNIMARC FRANCE] |
| -- |
CBU-MAIN LIBRARY (Kitwe) |
| -- |
45.00 |
| -- |
1 |
| -- |
AVAILABLE |
| -- |
Aug 24, 2016 |
| -- |
Main Library Open Access Collection |